000 00233 a2200097 4500
001 59826
100 _a
245 _aState and Politics; A Case Study of Pakistan
260 _aLahore
_bAl Faisal Nashran
_c1997
090 _c36662
_d36662
942 _aNUST-CAE
_c
_c29627
999 _c294899
_d294899